| 000 | 00393nam a22001577a 4500 | ||
|---|---|---|---|
| 003 | OSt | ||
| 008 | 250521b |||||||| |||| 00| 0 eng d | ||
| 020 | _a9788196169954 | ||
| 100 | _aLEKHRAM,Pandit | ||
| 245 | _aMeharsi Dayanand Sarsawati Ka Jiwan Chritar | ||
| 250 | _a8th | ||
| 260 |
_aNew Delhi _bArsh Sahitya Parchar Trust _c2023 |
||
| 300 | _a986 | ||
| 650 | _aGeneral | ||
| 942 |
_2ddc _cBK |
||
| 999 |
_c13601 _d13601 |
||